Is the world threatened by another crisis?

Od roku 2008 bola svetová ekonomika zasiahnutá viacerými neočakávanými šokmi. Americká ekonomická situácia v súčasnosti. Zvyšovanie recesie po celom svete. Ako vnímajú recesiu úverové ratingové agentúry.

Salvato in:
Dettagli Bibliografici
Autore principale: Čizmadiová, Kristína
Altri autori: Siegl Kniežová, Ivana
Natura: Capitolo di libro
Lingua:inglese
Soggetti:
Tags: Aggiungi Tag
Nessun Tag, puoi essere il primo ad aggiungerne!!

MARC

LEADER 00000nla$a2200000$$$4500
001 0147949
005 20240502072652.4
041 0 |a eng 
044 |a SK 
245 1 0 |a Is the world threatened by another crisis?  |c Kristína Čižmadiová, Ivana Siegl Kniežová 
520 |a Od roku 2008 bola svetová ekonomika zasiahnutá viacerými neočakávanými šokmi. Americká ekonomická situácia v súčasnosti. Zvyšovanie recesie po celom svete. Ako vnímajú recesiu úverové ratingové agentúry. 
610 2 0 |a kríza hospodárska 
610 2 0 |a kríza finančná 
610 2 0 |a recesia 
610 2 0 |a svet 
610 2 0 |a USA 
610 2 0 |a agentúry 
610 2 0 |a rating úverový 
100 1 |a Čizmadiová, Kristína 
700 1 |a Siegl Kniežová, Ivana